000 02366cam a22002174a 4500
005 20250605164239.0
008 250528s ||||||||||||||||||||||||d
035 _a21273
020 _a9789608940741
040 _aGR-AtMCL
_bgre
_dGR-AtMCL
_eAACR2
245 1 _aΟργανωσιακή Ψυχολογία και Συμπεριφορά / Πρώτη Έκδοση
250 _a
260 _bRosili,
_c2012
300 _a490
520 _aΤο βιβλίο αυτό αναλύει όλες τις βασικές έννοιες της οργανωσιακής ψυχολογίας και συμπεριφοράς τόσο σε θεωρητικό όσο και σε πρακτικό επίπεδο. Λίγα Λόγια για τους Συγγραφείς, Το Γνωστικό Αντικείμενο και η Εξέλιξη της Οργανωσιακής Ψυχολογίας και Συμπεριφοράς, Ψυχολογία των Ατομικών Διαφορών και Ψυχομετρική Αξιολόγηση, Αντιληψη και Στερεότυπα στον Εργασιακό Χώρο και Πρακτικές Εφαρμογές στην Αξιολόγηση της Απόδοσης, Ο Ρόλος της Παρακίνησης στο Σύγχρονο Εργασιακό Περιβάλλον, Εργασιακές Στάσεις και Θετικές και Αρνητικές Συμπεριφορές στην Εργασία, Άγχος και Επαγγελματική Εξουθένωση στον Εργασιακό Χώρο, Θεωρίες Μάθησης: Πρακτικές Εφαρμογές στην Εκπαίδευση και Ανάπτυξη Εργαζομένων, Δυναμική των Ομάδων στον Εργασιακό Χώρο, Ηγεσία, Αποτελεσματική Επικοινωνία και Διαχείριση Συγκρούσεων, Διοικώντας τις Αλλαγές στον Εργασιακό Χώρο και Ο Ρόλος της Οργανωσιακής Κουλτούρας, Προσέλκυση και Επιλογή Ανθρώπινου Δυναμικού, Καριέρα και Ανάπτυξη Σταδιοδρομίας.
700 1 _aΒακόλα Μαρία
_97311
700 1 _aΝικολάου Ιωάννης
_97312
942 _cBK
999 _c6338
_d6338